000 00237nam a22001097a 4500
008 170125b xxu||||| |||| 00| 0 eng d
020 _a1558102159
041 _aeng
080 _a618.2
245 _aNURSING
_cBALLARD, K.A
942 _2udc
_cBK
999 _c3635
_d3635